Handbook of Genetic Programming Applications /

This contributed volume, written by leading international researchers, reviews the latest developments of genetic programming (GP) and its key applications in solving current real world problems, such as energy conversion and management, financial analysis, engineering modeling and design, and softw...

Full description

Saved in:
Bibliographic Details
Other Authors: Ryan, Conor, (Editor), Alavi, Amir H., (Editor), Gandomi, Amir H., (Editor)
Format: Book
Language:English
Published: Cham : Springer International Publishing : Imprint: Springer, 2015.
Edition:1st ed. 2015.
Subjects:
Tags: Add Tag
No Tags, Be the first to tag this record!
LEADER 04523nam a22004695a 4500
001 014556830-X
005 20160108183937.0
008 151106s2015 gw | s ||0| 0|eng d
020 |a 9783319208831 
020 |a 9783319208831 
020 |a 9783319208824 
024 7 |a 10.1007/978-3-319-20883-1  |2 doi 
035 |a (Springer)9783319208831 
040 |a Springer 
050 4 |a Q334-342 
050 4 |a TJ210.2-211.495 
072 7 |a UYQ  |2 bicssc 
072 7 |a TJFM1  |2 bicssc 
072 7 |a COM004000  |2 bisacsh 
082 0 4 |a 006.3  |2 23 
245 1 0 |a Handbook of Genetic Programming Applications /  |c edited by Amir H. Gandomi, Amir H. Alavi, Conor Ryan. 
250 |a 1st ed. 2015. 
264 1 |a Cham :  |b Springer International Publishing :  |b Imprint: Springer,  |c 2015. 
300 |a XI, 593 p. 197 illus., 105 illus. in color.  |b online resource. 
336 |a text  |b txt  |2 rdacontent 
337 |a computer  |b c  |2 rdamedia 
338 |a online resource  |b cr  |2 rdacarrier 
347 |a text file  |b PDF  |2 rda 
505 0 |a Graph-Based Evolutionary Art -- Genetic Programming for Modelling of Geotechnical Engineering Systems -- Application of Genetic Programming in Hydrology -- Application of Gene-Expression Programming in Hydraulics Engineering -- Genetic Programming applications in Chemical Sciences and Engineering -- Application of Genetic Programming for Electrical Engineering Predictive Modeling -- Mate Choice in Evolutionary Computation -- Genetically Improved Software -- Design of Real-Time Computer-Based Systems Using Developmental Genetic Programming -- Image Classification with Genetic Programming -- On the Application of Genetic Programming for New Generation of Ground Motion Prediction Equations -- Evaluation of Liquefaction Potential of Soil Based on Shear Wave Velocity Using Multi-Gene Genetic Programming -- Site Characterization Using GP, MARS, and GPR -- Use of Genetic Programming Based Surrogate Models to Simulate Complex Geochemical Transport Processes in Contaminated Mine Sites -- Potential of Genetic Programming in Hydroclimatic Prediction of Droughts -- Application of Genetic Programming for Uniaxial and Multiaxial Modeling of Concrete -- Genetic Programming for Mining Association Rules in Relational Database Environments -- Evolving GP Classifiers for Streaming Data Tasks with Concept Change and Label Budgets -- A New Evolutionary Approach to Geotechnical and Geo-environmental Modelling -- Application of GFA-MLR and G/PLS Techniques in QSAR/QSPR Studies with Application in Medicinal Chemistry and Predictive Toxicology -- Trading Volitility using Highly Accurate Symbolic Regression -- GPTIPS 2: An Open-Source Software Platform for Symbolic Data Mining -- eCrash: A Genetic Programming-Based Testing Tool for Object-Oriented Software. 
520 |a This contributed volume, written by leading international researchers, reviews the latest developments of genetic programming (GP) and its key applications in solving current real world problems, such as energy conversion and management, financial analysis, engineering modeling and design, and software engineering, to name a few. Inspired by natural evolution, the use of GP has expanded significantly in the last decade in almost every area of science and engineering. Exploring applications in a variety of fields, the information in this volume can help optimize computer programs throughout the sciences. Taking a hands-on approach, this book provides an invaluable reference to practitioners, providing the necessary details required for a successful application of GP and its branches to challenging problems ranging from drought prediction to trading volatility. It also demonstrates the evolution of GP through major developments in GP studies and applications. It is suitable for advanced students who wish to use relevant book chapters as a basis to pursue further research in these areas, as well as experienced practitioners looking to apply GP to new areas. The book also offers valuable supplementary material for design courses and computation in engineering. 
650 2 4 |a Artificial Intelligence (incl. Robotics) 
650 0 |a Computer science. 
650 0 |a Artificial intelligence. 
650 0 |a Computational intelligence. 
650 1 4 |a Computer Science. 
650 2 4 |a Computational Intelligence. 
700 1 |a Ryan, Conor,  |e editor. 
700 1 |a Alavi, Amir H.,  |e editor. 
700 1 |a Gandomi, Amir H.,  |e editor. 
776 0 8 |i Printed edition:  |z 9783319208824 
988 |a 20151215 
906 |0 VEN